• 首页
  • 本馆介绍
  • 公告通知
  • 最新文献
  • 馆藏检索
  • 电子资源
  • 读者导购
  • 参考咨询
  • 我的图书馆
  • 登录
  • 详细信息显示
  • 放入我的书架
  • 预约/预借图书
  • 作者相关作品
  • 分类相关作品
  • 丛书相关作品
  • 出版社相关作品

书目信息

  • 表格格式
  • 工作单格式
  • 卡片格式
题名:
法国电影新浪潮
    
 
作者: 焦雄屏 著
分册: 下册  
出版信息: 南京   江苏教育出版社  2005
页数: 472页
开本: 21cm
丛书名: 电影馆
单 册:
中图分类: J905.565
科图分类:
主题词: 电影史--研究--法国--现代 , 电影史
电子资源:
ISBN: 7-5343-6106-0
000 00907oam2 2200265 450
001 1233093097
005 20121019091317.35
010    @a7-5343-6106-0@dCNY16.40
100    @a20050416d2005 em y0chiy50 ea
101 0  @achi
102    @aCN@b320000
105    @aa z 000yy
200 1  @a法国电影新浪潮@Afa guo dian ying xin lang chao@f焦雄屏著@h下册
210    @a南京@c江苏教育出版社@d2005
215    @a472页@c图@d21cm
225 2  @a电影馆@i电影史系列
330    @a本书从法国电影新浪潮运动发生的背景谈起,详述其流派、演变、成果,以及在世界范围内对电影制作和电影美学产生的巨大而深远的影响,并对该运动的代表人物及其代表作品作了深入的剖析与探讨。
461  0 @12001 @a电影馆
462  0 @12001 @a电影史系列
606 0  @a电影史@x研究@y法国@z现代
606 0  @a电影史
690    @aJ905.565@v4
701  0 @a焦雄屏@Ajiao xiong ping@4著
801  0 @aCN@bNLC@c20101222
905    @a10447@dJ905.565@eJY13:2
    
    法国电影新浪潮/焦雄屏著.下册.-南京:江苏教育出版社,2005
    472页:图;21cm.-(电影馆.电影史系列)
    
    
    ISBN 7-5343-6106-0:CNY16.40
    本书从法国电影新浪潮运动发生的背景谈起,详述其流派、演变、成果,以及在世界范围内对电影制作和电影美学产生的巨大而深远的影响,并对该运动的代表人物及其代表作品作了深入的剖析与探讨。
●
相关链接 在E读中查询图书 在五车中查询图书 在当当中查询图书 在豆瓣中查询图书


正题名:法国电影新浪潮     索取号:J905.565/JY13:2         预约/预借

序号 登录号 条形码 馆藏地/架位号 状态 备注
1 7834941   278349413   学院路分馆/ [索取号:J905.565/JY13:2] 在馆    
2 7834942   278349422   学院路分馆/ [索取号:J905.565/JY13:2] 在馆    
3 7834943   278349431   学院路分馆/ [索取号:J905.565/JY13:2] 在馆    
4 7834944   278349440   学院路分馆/ [索取号:J905.565/JY13:2] 在馆    
唐山师范学院图书馆 欢迎您!
大连网信软件有限公司© 版权所有